000 00494nam a2200193 a 4500
005 20140405082902.0
008 041208s19uu xx 00 eng d
020 _a043922506x
050 _aPZ 7
_b.Sp772 2002
100 _aSpyri, Johanna
_95141
245 _aHeidi /
_cJohanna Spyri.
260 _aUSA :
_bPenguin Classics,
_c1956.
300 _a238 p. :
_c18 cm.
521 _aG7
526 _c870
650 _aHeidi (Fictitious Character).
_95142
942 _cBK
_2lcc
999 _c42515
_d42515